Evaluación de los sistemas de lagunas de estabilización recién rehabilitados por el INAA: problemática alrededor de las algas y patógenos.
Presenta la evaluación del funcionamiento de cinco sistemas de lagunas de estabilización recién rehabilitadas por Instituto Nicaragüense de Acueductos y Alcantarillados (INAA) ubicados en Chinandega, León (Subtiava y Cocal), Masaya y Granada. La evaluación de los sistemas de tratamiento recie...
| Main Author: | |
|---|---|
| Other Authors: | |
| Format: | Tesis Section = Libro |
| Language: | Undetermined Spanish |
| Published: |
Managua
UNI
1997
|
| Subjects: |
| LEADER | 01448nam a2200217Ia 4500 | ||
|---|---|---|---|
| 008 | 240830s9999 xx 000 0 und d | ||
| 040 | |a BIBLIOTECA-RUSB/ Mon 551.482 H247 | ||
| 041 | |a spa | ||
| 082 | |a Mon 551.482 H247 | ||
| 100 | 1 | |a Hanon Aragón, Karen | |
| 245 | 1 | 0 | |a Evaluación de los sistemas de lagunas de estabilización recién rehabilitados por el INAA: problemática alrededor de las algas y patógenos. |
| 260 | |a Managua |b UNI |c 1997 | ||
| 300 | |a p. irreg. :il. | ||
| 502 | |a Tesis (Ingeniero Químico) - UNI, 1997. | ||
| 520 | 3 | |a Presenta la evaluación del funcionamiento de cinco sistemas de lagunas de estabilización recién rehabilitadas por Instituto Nicaragüense de Acueductos y Alcantarillados (INAA) ubicados en Chinandega, León (Subtiava y Cocal), Masaya y Granada. La evaluación de los sistemas de tratamiento recién rehabilitados se hizo a través de una cuantificación y caracterización de los afluentes y efluentes, con el propósito de determinar la eficiencia actual en cuanto a la remoción de los parámetros de contaminación y compararla con la eficiencia antes de la rehabilitación. Contiene: Marco de Referencia, Metodología Empleada, Análisis y Discusión de los Resultados, Conclusiones, Recomendaciones. | |
| 650 | 7 | |a LAGUNAS - ESTABILIZACION | |
| 650 | 7 | |b AGUAS RESIDUALES - ALGAS | |
| 700 | 1 | |a Tutor: |b Kronsteiner, Andreas | |
| 942 | |c BK |2 ddc | ||
| 991 | |a TESIS | ||
| 999 | |c 20014 | ||